| 000 | 00657nam a2200265Ia 4500 | ||
|---|---|---|---|
| 008 | 190123s9999 xx 000 0 und d | ||
| 020 | _a9780531265529 | ||
| 050 | _bR111 2012 | ||
| 100 | _aRaatma, Lucia | ||
| 245 | 4 | _aThe bill of rights / | |
| 245 | 0 | _cby Lucia Raatma. | |
| 260 | _aNew York, New York : | ||
| 260 | _bScholastic, | ||
| 260 | _c2012 | ||
| 300 | _a64 pages : | ||
| 300 | _bcolored illustrations ; | ||
| 300 | _c23cm. | ||
| 440 | _aCornerstones of freedom. | ||
| 500 | _a990L | ||
| 650 | _aCivil rights. | ||
| 650 | _aConstitution (United States). | ||
| 650 | _aUnited States. | ||
| 700 | _aSeries. | ||
| 700 | _aTitle. | ||
| 999 |
_c361199 _d361199 |
||